Introduction to quality by design in pharmaceutical manufacturing and analytical development /

Bibliographic Details
Main Author: Márcia Cristina Breitkreitz, Hector Goicoechea
Other Authors: Breitkreitz, Márcia C., Goicoechea, Hector C.
Format: Book
Language:English
Published: Cham, Switzerland : Springer, 2023.
Series:AAPS introductions in the pharmaceutical sciences
Subjects:
Classic Catalogue: View this record in Classic Catalogue
LEADER 02971nam a22003497a 4500
001 44937
003 BD-DhAAL
005 20251013150910.0
008 251013t2023 sz a|||| |||| 00| 0 eng d
020 |a 9783031315046 
040 |a BD-DhAAL  |c BD-DhAAL 
082 |a 615.19  |2 23 
100 |a Márcia Cristina Breitkreitz, Hector Goicoechea  |9 59431 
245 |a Introduction to quality by design in pharmaceutical manufacturing and analytical development /  |c Márcia Cristina Breitkreitz, Hector C. Goicoechea, editors. 
260 |a Cham, Switzerland :  |b Springer,  |c 2023. 
300 |a x, 266 pages :  |b illustrations (some color) ;  |c 24 cm 
490 |a  AAPS introductions in the pharmaceutical sciences 
500 |a Includes index. 
505 |a Part 1: Quality by Design (QbD) Chapter 1. Pharmaceutical Quality by Design (QbD) overview and major elements Chapter 2. Fundamentals of design of experiments and optimization: designs for factor screening and data analysis in pre-response surface methodology Chapter 3. Fundamentals of design of experiments and optimization: experimental designs in response surface methodology Chapter 4. Fundamentals of design of experiments and optimization: data modeling in response surface methodology Chapter 5. Quality by Design in pharmaceutical product and process development Chapter 6. A Quality by Design update on nano-drug delivery systems Chapter 7. Control strategies of solid dosage forms by PAT tools Part 2: Analytical Quality by Design (AQbD) Chapter 8. Analytical Quality by Design Fundamentals, Compendial and Regulatory Perspectives Chapter 9. Analytical Target Profile (ATP) and Method Operable Design Region (MODR) Chapter 10: Quality by Design applications to development of analytical methods for quality control of pharmaceuticals Chapter 11. Design of Experiments Applied to the Extraction of Active Compounds 
526 |a PHR  |x Namara Mariam Chowdhury Senior Lecturer School of Pharmacy Course Name and No.: Pharmaceutical Analysis-I (PHR 210), Advanced Pharmaceutical Analysis (PHR 410), Pharmaceutical Analysis-II (PHR 310)  
650 |a Drugs  |x Design  |x Quality control.  |9 59596 
650 |a Drugs  |x Analysis. 
650 |a Pharmaceutical industry  |x Quality control.  |9 2560 
650 |a Drugs  |x Design. 
650 |a Pharmacy. 
700 |a Breitkreitz, Márcia C.  |9 59597 
700 |a Goicoechea, Hector C.  |9 59598 
830 |a  AAPS introductions in the pharmaceutical sciences  |9 59599 
852 |a Ayesha Abed Library  |c General Stacks 
942 |c BK  |2 ddc 
999 |c 47594  |d 47594 
952 |0 0  |1 0  |2 ddc  |4 0  |6 615_190000000000000_INT  |7 0  |9 78348  |a BRACUL  |b BRACUL  |c NEW  |d 2025-10-09  |e Hye Trade International  |g 11936.00  |l 0  |o 615.19 INT  |p 3010044937  |r 2025-10-09  |t 1  |v 23872.00  |w 2025-10-09  |y BK  |x Requisitioned by Namara Mariam Chowdhury (Senior Lecturer, School of Pharmacy For the course named- ’Pharmaceutical Analysis-I (PHR 210), Advanced Pharmaceutical Analysis (PHR 410), Pharmaceutical Analysis-II (PHR 310)’